Statistics for All Scottish football stadiums

Click here to take the quiz!

General Stats

  • This quiz has been taken 31 times
  • The average score is 12 of 15

Answer Stats

HintAnswer% Correct
RangersIbrox
97%
Edinburgh cityAinslie park
93%
DundeeDens park
93%
HibsEaster road
93%
DunfermlineEast end Park
90%
AberdeenPittodrie
90%
KilmarnockRugby park
90%
AyrSomerset Park
90%
CowdenbeathCentral Park
87%
CelticParkhead
87%
Dundee utdTannadice
87%
HeartsTynecastle
83%
Partick thistleFirhill
63%
LivingstonTony macaroni
57%
ArbroathGayfield
33%

Score Distribution

Percentile by Number Answered

Percent of People with Each Score

Your Score History

You have not taken this quiz